Le Troisième Reich / (Record no. 16819)

MARC details
000 -LEADER
campo de control de longitud fija 00860nam a2200253 i 4500
001 - NÚMERO DE CONTROL
campo de control 16819
003 - IDENTIFICADOR DE NÚMERO DE CONTROL
campo de control ES-MaACL
007 - CAMPO FIJO DE DESCRIPCIÓN FÍSICA--INFORMACIÓN GENERAL
campo de control de longitud fija t|
008 - DATOS DE LONGITUD FIJA--INFORMACIÓN GENERAL
campo de control de longitud fija 001110s1985 gw ||||1| fre d
020 ## - NÚMERO INTERNACIONAL ESTÁNDAR DEL LIBRO
Número Internacional Estándar del Libro 3-598-20313-6
080 ## - NÚMERO DE LA CLASIFICACIÓN DECIMAL UNIVERSAL
Número de la Clasificación Decimal Universal 943.0"1933/45"
080 ## - NÚMERO DE LA CLASIFICACIÓN DECIMAL UNIVERSAL
Número de la Clasificación Decimal Universal 930.1:943.0"1933/45"
100 1# - ENTRADA PRINCIPAL--NOMBRE DE PERSONA
Nombre de persona Hildebrand, Klaus.
9 (RLIN) 63682
245 13 - MENCIÓN DEL TÍTULO
Título Le Troisième Reich /
Mención de responsabilidad, etc. Klaus Hildebrand ; [traduit de l'Allemand par Françoise Manfrass-Sirjacques].
260 ## - PUBLICACIÓN, DISTRIBUCIÓN, ETC.
Lugar de publicación, distribución, etc. München [etc.] :
Nombre del editor, distribuidor, etc. Saur,
Fecha de publicación, distribución, etc. 1985.
300 ## - DESCRIPCIÓN FÍSICA
Extensión 244 p. ;
Dimensiones 24 cm.
490 1# - MENCIÓN DE SERIE
Mención de serie Documentation et recherches
651 #4 - PUNTO DE ACCESO ADICIONAL DE MATERIA--NOMBRE GEOGRÁFICO
Nombre geográfico Alemania-
Subdivisión general Historia-
Subdivisión cronológica 1933-1945.
9 (RLIN) 7663
651 #4 - PUNTO DE ACCESO ADICIONAL DE MATERIA--NOMBRE GEOGRÁFICO
Nombre geográfico Alemania-
Subdivisión general Historia-
Subdivisión cronológica 1933-1945-
Subdivisión de forma Historiografía.
9 (RLIN) 7664
700 1# - ENTRADA AGREGADA--NOMBRE PERSONAL
Nombre de persona Manfrass-Sirjacques, Françoise.
9 (RLIN) 75994
830 0# - PUNTO DE ACCESO ADICIONAL DE SERIE-TÍTULO UNIFORME
Título uniforme Documentation et recherches
9 (RLIN) 228677
852 ## - LOCALIZACIÓN
Ubicación ES-MaACL
Número de control de estantería G-3942
Sublocalización o colección R.117602
Holdings
Estatus retirado Estado de pérdida Estado de daño No para préstamo Biblioteca de origen Biblioteca actual Ubicación en estantería Fecha de adquisición Fuente de adquisición Total de préstamos Signatura topográfica completa Código de barras Visto por última vez Precio de reemplazo Tipo de ítem Koha
        Biblioteca del Ateneo de Madrid Biblioteca del Ateneo de Madrid Depósito 2 17/01/2008     G-3942 1017083 23/02/2023 23/02/2023 Libro impreso